| 000 | 00919na a2200265 4500 | ||
|---|---|---|---|
| 999 |
_c8260 _d8260 |
||
| 001 | 15996 | ||
| 003 | MIRAKIL | ||
| 005 | 20221124115942.0 | ||
| 008 | 160928b tu 000 0 | ||
| 035 | _a15996 | ||
| 040 |
_aTR-AnCHP _btur _cTR-AnCHP |
||
| 082 |
_aCHP 324.2172 _bİ57 1969 |
||
| 245 |
_aİnsanca bir düzen kurmak için halktan yetki istiyoruz _bCHP'nin düzen değişikliği programı _cCHP |
||
| 246 | _aCHP'nin düzen değişikliği programı | ||
| 246 | _aCHP Seçim bildirgeleri | ||
| 260 |
_aAnkara; _bUlusal Basımevi, _c1969. |
||
| 300 |
_a133 s.: _c26 sm. |
||
| 610 |
_aCHP _xSeçim bildirgeleri _y1969 |
||
| 610 | 0 |
_aCumhuriyet Halk Partisi (CHP) _xpropaganda ve ideolojiler _y1969. _95196 |
|
| 650 | 0 |
_99 _aSiyaset ve yönetim _xTürkiye _y1969 |
|
| 651 |
_aTürkiye _xseçimler _y1969 |
||
| 740 | _aCHP'nin düzen değişikliği programı | ||
| 740 | _aSeçim bildirgeleri | ||
| 942 |
_2ddc _cARC |
||